| 000 | 00377nam a2200097Ia 4500 | ||
|---|---|---|---|
| 008 | 220120s9999||||xx |||||||||||||| ||und|| | ||
| 100 |
_aAkshay, Chiranth Changappa, Dillon Karumbaiah and Somanna _912705 |
||
| 245 | 0 | _aNumerical study on power performance and stress behaviour o | |
| 260 |
_aCoorg Institute of Technology _bPonnampet _c2018 |
||
| 650 | _aELECTRONICS AND COMMUNICATIONS | ||
| 999 |
_c138305 _d138305 |
||